La condenación al olvido-Damnatio Memoriae-: la deshonra pública tras la muerte en la política romana, siglos I - IV d. C
Uloženo v:
| Hlavní autor: | |
|---|---|
| Médium: | Kniha |
| Jazyk: | španělština |
| Vydáno: |
Salamanca
Signifer Libros
2014
|
| Vydání: | 1a. ed |
| Edice: | Monografías de Antigüedad Griega y Romana, 42
|
| Témata: | |
| Tagy: |
Přidat tag
Žádné tagy, Buďte první, kdo vytvoří štítek k tomuto záznamu!
|
MARC
| LEADER | 00000cam a2200000 a 4500 | ||
|---|---|---|---|
| 001 | UCD0693 | ||
| 003 | CL-VaPUC | ||
| 008 | 151210e20140000sp |||||||||||||||||spa|d | ||
| 020 | |a 9788494113789 | ||
| 082 | 0 | 4 | |a 340.54 |b CRE |2 21 |
| 100 | 0 | |a Crespo Pérez, Carlos |e author |9 583678 | |
| 245 | 1 | 3 | |a La condenación al olvido-Damnatio Memoriae-: la deshonra pública tras la muerte en la política romana, siglos I - IV d. C |
| 250 | |a 1a. ed | ||
| 300 | |a 168 p | ||
| 942 | |c BK | ||
| 945 | |d 20151210 22:58:00 |a dcastane | ||
| 260 | |a Salamanca |b Signifer Libros |c 2014 | ||
| 650 | 0 | |a Derecho romano |9 255930 | |
| 650 | 0 | |a Fuentes del derecho |9 255162 | |
| 650 | 7 | |a POLITICA ROMANA |2 CL-VaPUC |9 523263 | |
| 583 | |a last modification |c 20151210 22:58:00 |k Rodrigo Vera | ||
| 490 | 0 | |a Monografías de Antigüedad Griega y Romana, 42 | |
| 999 | |c 362155 |d 362153 | ||
| 952 | |0 0 |1 0 |3 erb |4 0 |6 340_540000000000000_CRE_2014 |7 0 |8 A |9 473081 |a BIBDER |b BIBDER |i 5256445 |l 2 |o 340.54 CRE 2014 |p 5256445 |r 2023-11-30 |s 2023-11-23 |w 2019-11-24 |y BK |z Catalogado en:20151210 |k DER | ||